| 000 | 00616nam a22001697a 4500 | ||
|---|---|---|---|
| 082 | _a670 | ||
| 100 | _aAhmed Bin Hameed. | ||
| 245 |
_aDESIGN OF MOLD SAND TESTING APPARATUS FOR ANALYSIS OF EFFECTS ON THE PERMEABILITY OF MOLD SAND DUE TO VARIATION IN MOLASSES CONTENTS _cAhmed Bin Hameed. |
||
| 260 |
_aIslamabad: _bSMME - NUST, _c2012. |
||
| 300 |
_a45 p.: ill.; _c30cm. |
||
| 650 |
_aMS-Thesis. _918721 |
||
| 700 |
_aDr. Liaqat Ali _916199 |
||
| 856 | _uhttp://10.250.8.41:8080/xmlui/handle/123456789/9049 | ||
| 942 |
_2ddc _cTHE |
||
| 999 |
_c529088 _d529088 |
||